Sguardi diversi. Riflessioni e materiali per l'educazione interculturale

में बचाया:
ग्रंथसूची विवरण
अन्य लेखक: Scaramella, Carla, Passani, Antonella
स्वरूप: पुस्तक
भाषा:अंग्रेज़ी
प्रकाशित: Giulio Perrone Editore 2010
टैग: टैग जोड़ें
कोई टैग नहीं, इस रिकॉर्ड को टैग करने वाले पहले व्यक्ति बनें!

MARC

LEADER 00000nam a2200000 4500
005 20240227152841.0
008 240227b |||||||| |||| 00| 0 eng d
040 |c C 
245 |a Sguardi diversi.   |b Riflessioni e materiali per l'educazione interculturale 
260 |b Giulio Perrone Editore  |c 2010 
700 |a Scaramella, Carla 
700 |a Passani, Antonella 
942 |2 ddc  |c BK  |n 0 
952 |0 0  |1 0  |2 ddc  |4 0  |6 305_800000000000000_SCA_SGU  |7 1  |9 756  |a GE  |b GE  |d 2023-11-06  |l 0  |o 305.8 SCA SGU  |p 3691  |r 2024-02-27 15:28:20  |w 2024-02-27  |y BK 
999 |c 710  |d 710